• 首页
  • 本馆介绍
  • 公告通知
  • 最新文献
  • 馆藏检索
  • 电子资源
  • 读者导购
  • 参考咨询
  • 我的图书馆
  • 登录
  • 详细信息显示
  • 放入我的书架
  • 预约/预借图书
  • 作者相关作品
  • 分类相关作品
  • 丛书相关作品
  • 出版社相关作品

书目信息

  • 表格格式
  • 工作单格式
  • 卡片格式
书名: Ordeal by fire
作者: James M. McPherson.
分册号:
分册名: THE CIVIL WAR /
出版地: New York :
 
出版社: McGraw-Hill
出版时间: c1993.
页数: 2 v. (xxi, 557 p.) :
开本: 24 cm.
丛书名:
中图分类号:
科图分类号:
其他分类号: K712.43
主题词:
电子资源:
000 01340cam a2200349 a 450
001 E0732310264
005 20070509090237.89
008 920616s1993 nyuab b 001 0 eng
010    @a92023635
020    @a0-07-045838-3(v. 1) :@c$16.95.
020    @a0070458383 (v. 2) :@c$18.95.
035    @A(DLC) 92023635
040    @aDLC@cDLC@dDLC
043    @an-us---
050 00 @aE468@b.M23 1993
082 00 @a973.7@2 20
090    @aK712.43
099    @dK712.43@ex31:2=2
100 1  @aMcPherson, James M.
245 10 @aOrdeal by fire.@nVOLUME Ⅱ,@pTHE CIVIL WAR / @cJames M. McPherson.
250    @a2nd ed.
260    @aNew York :@bMcGraw-Hill,@cc1993.
300    @a2 v. (xxi, 557 p.) :@bill., maps ;@c24 cm.
500    @aSeparate publication of these two volumes only--Cf. Note, p. xv.
504    @aIncludes bibliographical references and indexes.
505 0  @av. 1. The coming of war -- v. 2. The Civil War.
651  0 @aUnited States@xHistory@yCivil War, 1861-1865@xCauses.
651  0 @aUnited States@xHistory@yCivil War, 1861-1865.
651  0 @aUnited States@xHistory@y1865-1898.
906    @a7@bcbc@corignew@d1@eocip@f19@gy-gencatlg
955    @apc08 to sc00 06-16-92; lk17 06-17-92; lk03 06-17-92; lk02 06-18-92; aa08 06-19-92; CIP ver. nb00 09-25-92
991    @bc-GenColl@hE468@i.M23 1993@tCopy 1@wBOOKS
    
    Ordeal by fire.. VOLUME Ⅱ,. THE CIVIL WAR / / James M. McPherson.-2nd ed.-New York : : McGraw-Hill, , c1993.
    2 v. (xxi, 557 p.) : : ill., maps ; ; 24 cm.
    Separate publication of these two volumes only--Cf. Note, p. xv.-Includes bibliographical references and indexes.-v. 1. The coming of war -- v. 2. The Civil War.
    
    ISBN 0-07-045838-3(v. 1) :$16.95.
    
●
相关链接 在E读中查询图书 在五车中查询图书 在当当中查询图书 在豆瓣中查询图书


正题名:Ordeal by fire     索取号:K712.43/x31:2=2         预约/预借

序号 登录号 条形码 馆藏地/架位号 状态 备注
1 7626   300076263   第二样本阅览室/ [索取号:K712.43/x31:2=2] 在馆    
2 7627   300076272   第四借阅区/ [索取号:K712.43/x31:2=2] 在馆    
3 7628   300076281   第四借阅区/ [索取号:K712.43/x31:2=2] 在馆    
4 7629   300076290   第四借阅区/ [索取号:K712.43/x31:2=2] 在馆    
唐山师范学院图书馆 欢迎您!
大连网信软件有限公司© 版权所有